00330nam a22001337a 4500003000400000020001900004082001600023100002800039245005600067250000800123260004200131300001000173650001300183SGT a978-0323375801 a617.5bM18R a Randolph Resnik, MISCH aMisch's Avoiding Complications in Oral Implantology a1ST aNEW DELHI bELSEVIER PUBLISHER c2018 a1-891 aIMPLANT